000 00861nam a2200265 a 4500
001 24627
003 BD-RjUL
005 20211209001057.0
008 140315s1928 enkc 001 0 eng d
035 _a(BD-RjUL)24696
040 _aDLC
_cYCM
_dOCL
_dBD-RjUL
_beng
041 1 _aeng
_hcze
082 _a940.4
_bBEM 1928
100 1 _aBeneš, Edvard,
_d1884-1948.
_975791
245 1 0 _aMy war memoirs /
_cby Dr. Eduard Beneš ; translated from the Czech by Paul Selver.
260 _aLondon :
_bG. Allen and Unwin ltd,
_c1928.
300 _a512 p. :
_bfront. (port.) ;
_c25 cm.
500 _aIncludes index.
600 1 0 _aBeneš, Edvard,
_d1884-1948.
_975799
650 0 _aWorld War, 1914-1918
_zCzechoslovakia.
_975793
651 0 _aCzech Republic
_xHistory.
_975794
700 1 _aSelver, Paul,
_d1888-1970.
_975795
942 _2ddc
_cBK
999 _c24627
_d24627